Top 100 Football Clubs in the World - Statistics

General Stats
  • This quiz has been taken 206 times
  • The average score is 64 of 100
Answer Stats
Rank Country Answer Market Value (€) % Correct
4 France Paris Saint-Germain 1.20B
100%
8 Germany Bayern Munich 980.95M
99%
6 Spain FC Barcelona 1.11B
99%
1 Spain Real Madrid 1.35B
99%
3 England Arsenal FC 1.27B
98%
7 England Liverpool FC 1.04B
98%
2 England Manchester City 1.29B
98%
10 England Manchester United 719.15M
98%
5 England Chelsea FC 1.16B
97%
12 Italy Inter Milan 666.8M
97%
19 Italy AC Milan 493.5M
95%
15 Italy Juventus FC 560.2M
92%
9 England Tottenham Hotspur 876.5M
92%
17 England Aston Villa 531.5M
90%
14 Spain Atlético Madrid 584M
90%
20 Germany Borussia Dortmund 483.4M
90%
11 England Newcastle United 711.55M
89%
68 Netherlands Ajax 169.85M
84%
29 Italy AS Roma 419.5M
84%
23 Portugal FC Porto 438.4M
84%
27 Italy Napoli 422.8M
84%
56 France Olympique Lyonnais 223.25M
84%
35 Portugal SL Benfica 355.5M
84%
21 Portugal Sporting CP 468M
84%
37 England West Ham United 338.95M
82%
30 France Olympique de Marseille 410M
80%
16 England Crystal Palace 536.1M
79%
39 Turkey Galatasaray SK 325.35M
77%
42 England Wolverhampton Wanderers 311.35M
77%
28 Germany Bayer Leverkusen 422.75M
76%
26 England Everton 423.65M
76%
57 Italy Lazio 223.25M
75%
40 England Leeds United 321.03M
74%
47 Netherlands PSV Eindhoven 272M
74%
18 England Brighton & Hove Albion 510M
73%
38 England AFC Sunderland 327.03M
71%
34 France AS Monaco 371.05M
71%
59 Netherlands Feyenoord 206.73M
70%
13 England Nottingham Forest 599.6M
70%
25 England Brentford FC 434.4M
68%
31 Germany Eintracht Frankfurt 391.05M
68%
53 France Lille 240.5M
68%
87 Scotland Celtic FC 142.3M
67%
91 England Leicester City 137.4M
67%
96 Saudi Arabia Al-Nassr 133.4M
66%
33 England Fulham FC 373.95M
66%
22 England AFC Bournemouth 447.1M
65%
98 Spain Sevilla FC 131.6M
65%
69 Spain Valencia 169.5M
65%
60 Belgium Club Brugge 202.1M
64%
49 England Burnley 251.65M
63%
61 Saudi Arabia Al-Hilal 199.3M
62%
43 Spain Athletic Bilbao 303M
62%
36 Germany VfB Stuttgart 341.4M
61%
84 Germany Hamburger SV 145.98M
60%
54 Spain Real Betis 228.3M
60%
32 Italy Atalanta 386.1M
59%
89 Greece Olympiacos 138.75M
58%
41 Italy Como 1907 313.2M
57%
50 Spain Real Sociedad 250.2M
57%
75 England Southampton 157.6M
57%
52 Germany Wolfsburg 249.6M
56%
46 Italy Bologna FC 283M
55%
45 Turkey Fenerbahçe SK 286.5M
55%
51 Italy Fiorentina 249.95M
55%
24 Germany RB Leipzig 434.4M
55%
100 France RC Lens 126.9M
54%
73 Russia Zenit 159.9M
54%
88 Turkey Besiktas JK 140.8M
52%
83 Portugal SC Braga 146.4M
51%
93 Italy Torino 136.5M
51%
55 Brazil Flamengo 227.7M
49%
82 France OGC Nice 146.8M
49%
92 Germany 1.FC Köln 136.58M
48%
94 Saudi Arabia Al-Ittihad 134.8M
47%
64 Germany Werder Bremen 191M
47%
70 Ukraine Shakhtar Donetsk 165.8M
46%
78 Germany Borussia Mönchengladbach 150.1M
43%
77 Spain Girona 155M
43%
44 France RC Strasbourg 294.75M
43%
48 Spain Villarreal CF 255.8M
43%
95 Italy Genoa CFC 134.1M
42%
65 France Rennes 190.3M
41%
62 Germany TSG Hoffenheim 197.45M
40%
66 Germany Freiburg 171.2M
39%
86 Germany 1.FSV Mainz 05 143.1M
38%
85 Belgium KRC Genk 143.95M
38%
72 Italy Sassuolo 162.6M
38%
63 England Ipswich 197.25M
37%
90 Italy Udinese Calcio 137.55M
37%
81 Spain Celta de Vigo 146.9M
36%
80 Netherlands AZ Alkmaar 148.38M
34%
58 Brazil Palmeiras 209.6M
34%
67 Saudi Arabia Al-Ahli 170.78M
33%
79 Germany FC Augsburg 149.88M
33%
74 Italy Parma 158M
33%
71 England Coventry 164.9M
32%
97 Russia Spartak Moscow 133.15M
32%
99 England Sheffield United 131.4M
26%
76 Brazil Cruzeiro 155.85M
10%
No matching quizzes found
Score Distribution
Percent of People with Each Score
Percentile by Number Answered
Your Score History
You have not taken this quiz